000 00379nam a2200145Ia 4500
008 230917s9999||||xx |||||||||||||| ||und||
040 _e40519
_aMAIN
041 _aEnglish
082 _a810.9 V558J
100 _aVenkataeswarla, D
245 0 _aJewish-American writers and intellectual life in America
260 _aNew Delhi
_bPrestige
_c1993
300 _a229 p.
942 _cBK
999 _c71196
_d71196